Επικοινωνία στην εκπαιδευτική διαδικασία : διερεύνηση της διδακτικής αμεσότητας σε εκπαιδευτικούς της Α'/θμιας εκπ/σης Α', Β', Γ', δημοτικού : διπλωματική εργασία [μεταπτυχιακή εργασία]

Αποθηκεύτηκε σε:
Λεπτομέρειες βιβλιογραφικής εγγραφής
Κύριος συγγραφέας: Μουστεράκη, Ειρήνη Β.
Συγγραφή απο Οργανισμό/Αρχή: Πανεπιστήμιο Αιγαίου Σχολή Ανθρωπιστικών Επιστημών Τμήμα Επιστημών της Προσχολικής Αγωγής και του Εκπαιδευτικού Σχεδιασμού Πρόγραμμα Μεταπτυχιακών Σπουδών Μοντέλα Σχεδιασμού και Ανάπτυξης Εκπαιδευτικών Μονάδων
Άλλοι συγγραφείς: Σταμάτης, Παναγιώτης Ι., 1967- (Εισηγητής διατριβής)
Μορφή: Thesis Βιβλίο
Γλώσσα:Greek
Δημοσίευση: 2014
Θέματα:
Διαθέσιμο Online:http://hdl.handle.net/11610/14357
Ετικέτες: Προσθήκη ετικέτας
Δεν υπάρχουν, Καταχωρήστε ετικέτα πρώτοι!

MARC

LEADER 00000cam a2200000 i 4500
001 1/65314
008 150129s2014 gre d
035 |l 10120765 
040 |a GR-MY-UA  |b gre  |e aacr 
041 0 |a gre 
082 0 |a 371.102  |2 (22) 
100 1 |a Μουστεράκη, Ειρήνη Β. 
245 1 0 |a Επικοινωνία στην εκπαιδευτική διαδικασία :  |b διερεύνηση της διδακτικής αμεσότητας σε εκπαιδευτικούς της Α'/θμιας εκπ/σης Α', Β', Γ', δημοτικού : διπλωματική εργασία [μεταπτυχιακή εργασία] /  |c Ειρήνη Β. Μουστεράκη ; επιβλέπων: Σταμάτης Παναγιώτης 
260 |c 2014 
300 |a 128 σ.;  |b πίν., σχεδιαγ.;  |c 30 εκ. 
500 |a Μέλη εξεταστικής επιτροπής: Αναστάσιος Κοντάκος, Χρήστος Γκόβαρης 
502 |a Διατριβή (μεταπτυχιακή) – Πανεπιστήμιο Αιγαίου, Ρόδος, 2014. 
504 |a Βιβλιογραφία: σ. 79-85 
650 0 0 |a Communication in education  |z Greece. 
650 0 0 |a Interaction analysis in education. 
650 0 0 |a Nonverbal communication in education. 
650 0 0 |a Dissertations, Academic  |z Greece. 
700 1 |4 ths  |a Σταμάτης, Παναγιώτης Ι.,   |d 1967- 
710 2 |a Πανεπιστήμιο Αιγαίου   |b Σχολή Ανθρωπιστικών Επιστημών   |b Τμήμα Επιστημών της Προσχολικής Αγωγής και του Εκπαιδευτικού Σχεδιασμού   |b Πρόγραμμα Μεταπτυχιακών Σπουδών Μοντέλα Σχεδιασμού και Ανάπτυξης Εκπαιδευτικών Μονάδων . 
852 |a INST  |b RHODES  |c DIATR  |e 20150129  |h 371.102 ΜΟΥ  |p 005400037534  |q 005400037534  |t MTXE  |y 23 
852 |a INST  |b RHODES  |c DIATR  |e 20150129  |h 371.102 ΜΟΥ  |p 005400037535  |q 005400037535  |t MTXE  |y 23 
856 |u http://hdl.handle.net/11610/14357 
901 |a BIBL4-2015-1 
909 |a Ρ  |b 183851 
909 |a Ρ  |b 183852 
924 |a ΜΟΥΣΤΕΡΑΚΗ  |b ΕΙΡΗΝΗ Β.  |y ΡΟΔΟΣ  |z 2014-11 
970 |z 2015/01/28